I beni temporali della chiesa

Saved in:
Bibliographic Details
Main Author: De Paolis, Velasio (autore)
Format: Book
Language:Italian
Published: Bolonia Dehoniane 1995
Series:Il Codice del Vaticano II. 10
Subjects:
Tags: Add Tag
No Tags, Be the first to tag this record!

MARC

LEADER 00000nam a2200000 a 4500
001 UCM9272
003 CL-VaPUC
005 20250103100357.0
008 030417e19950000IT |||||||||||||||||ita|d
999 |c 303595  |d 303593 
040 |c Pontificia Universidad Católica de Valparaíso 
082 0 4 |a 262.94 DEP 1995  |2 21 
100 |a De Paolis, Velasio  |e autore  |9 475700 
245 1 2 |a I beni temporali della chiesa 
260 |a Bolonia  |b Dehoniane  |c 1995 
300 |a 285 páginas 
490 0 |a Il Codice del Vaticano II.  |v 10 
583 |a last modification  |c 20030417 00:00:00  |k Rodrigo Vera 
650 7 |a BIENES ECLESCIASTICOS  |2 CL-VaPUC  |9 475701 
650 7 |a DERECHO CANONICO  |2 CL-VaPUC  |9 475702 
650 0 |a Iglesia Católica  |9 256114 
650 0 |a Gobierno   |9 255508 
650 0 |a Congresos  |9 257560 
651 0 |a Italia  |9 254949 
942 |c BK  |2 ddc 
945 |d 20030417 00:00:00  |a cmena 
952 |0 0  |1 0  |2 ddc  |4 0  |6 262_940000000000000_DEP_1995  |7 0  |8 A  |9 365038  |a BIBDER  |b BIBDER  |d 2019-11-21  |i 3897443  |o 262.94 DEP 1995  |p 3897443  |r 2023-01-25  |t 1  |w 2019-11-21  |y BK  |k DER